[Event "CRO-chT4A Center"]
[Site "Zagreb"]
[Date "2010.11.07"]
[Round "10.31"]
[White "Blazeka, Matej"]
[Black "Zetic, Berislav"]
[Result "1-0"]
[WhiteElo "2085"]
[BlackElo "2171"]
[PlyCount "82"]
[EventDate "2010.03.21"]
[EventType "team-tourn"]
[EventRounds "11"]
[EventCountry "CRO"]
[SourceTitle "EXT 2012"]
[Source "ChessBase"]
[SourceDate "2011.11.24"]
[SourceVersion "1"]
[SourceVersionDate "2011.11.24"]
[SourceQuality "1"]

1. e4 c5 2. Nf3 e6 3. d4 cxd4 4. Nxd4 a6 5. Nc3 Nc6 6. Be2 Nf6 7. Nxc6 bxc6 8. e5 Nd5 9. Ne4 Be7 10. c4 Nb6 11. Nd6+ Bxd6 12. Qxd6 a5 13. Be3 Ba6 14. Qc5 Nc8 15. 0-0 Bb7 16. Rfd1 Ne7 17. Rd3 0-0 18. Rad1 Bc8 19. Bg5 Re8 20. Ra3 h6 21. Bd2 Ng6 22. Bxa5 Qh4 23. Bd8 Rxd8 24. Rxa8 Qg5 25. Qe3 Qxe3 26. fxe3 Nxe5 27. c5 Rf8 28. Rd4 d5 29. cxd6 Nd7 30. Ba6 Bxa6 31. Rxa6 c5 32. Rda4 Rd8 33. Ra8 Nb8 34. R4a5 Kf8 35. Rb5 Nc6 36. Rxd8+ Nxd8 37. Rxc5 Ke8 38. Rc7 e5 39. a4 Ne6 40. Re7+ Kd8 41. Rxe6 fxe6 1-0

[Event "CRO-chT4A Center"]
[Site "Zagreb"]
[Date "2010.04.25"]
[Round "5.63"]
[White "Conjar, Velimir"]
[Black "Zetic, Berislav"]
[Result "1/2-1/2"]
[WhiteElo "1947"]
[BlackElo "2171"]
[PlyCount "120"]
[EventDate "2010.03.21"]
[EventType "team-tourn"]
[EventRounds "11"]
[EventCountry "CRO"]
[SourceTitle "EXT 2012"]
[Source "ChessBase"]
[SourceDate "2011.11.24"]
[SourceVersion "1"]
[SourceVersionDate "2011.11.24"]
[SourceQuality "1"]

1. d4 Nf6 2. Nc3 d6 3. e4 g6 4. Be3 Bg7 5. f3 Nc6 6. Bb5 Bd7 7. Nge2 e5 8. Bxc6 Bxc6 9. d5 Bd7 10. Qd2 b5 11. 0-0 0-0 12. Ng3 a5 13. Bh6 Ne8 14. Bxg7 Nxg7 15. Qh6 b4 16. Nd1 f5 17. exf5 Nxf5 18. Nxf5 Rxf5 19. Qd2 Qh4 20. Qf2 Qg5 21. Qe3 Qf6 22. c4 Rf4 23. b3 e4 24. Rc1 exf3 25. Rxf3 Rxf3 26. Qxf3 Qe5 27. Qe3 a4 28. Qxe5 dxe5 29. Ne3 axb3 30. axb3 Ra3 31. Rb1 Bf5 32. Rb2 Bd3 33. Kf2 h5 34. c5 Ra5 35. d6 cxd6 36. cxd6 Kf7 37. Nc4 Rc5 38. Rd2 e4 39. Ke3 Ke6 40. Nb2 Kxd6 41. Nxd3 exd3 42. Rxd3+ Ke5 43. Rd4 Rc3+ 44. Rd3 Rc2 45. Kf3 g5 46. h3 h4 47. Re3+ Kf5 48. g4+ hxg3 49. Kxg3 Rc1 50. Kf3 Rb1 51. Kg3 Rg1+ 52. Kf3 Rh1 53. Kg3 Rb1 54. Kf3 Rb2 55. Kg3 Kf6 56. Kg4 Rg2+ 57. Kf3 Rd2 58. Kg4 Rd4+ 59. Kg3 Kf5 60. Kf3 Rd2 1/2-1/2

[Event "Zagreb op"]
[Site "Zagreb"]
[Date "1999.??.??"]
[Round "2"]
[White "Zetic, Berislav"]
[Black "Sale, Srdjan"]
[Result "0-1"]
[WhiteElo "2165"]
[BlackElo "2415"]
[PlyCount "81"]
[EventDate "1999.??.??"]
[EventType "swiss"]
[EventRounds "9"]
[EventCountry "CRO"]
[SourceTitle "EXT 2000"]
[Source "ChessBase"]
[SourceDate "1999.11.16"]
[SourceVersion "1"]
[SourceVersionDate "1999.11.16"]
[SourceQuality "1"]

1. e4 c5 2. Nf3 d6 3. d4 cxd4 4. Nxd4 Nf6 5. Nc3 Nc6 6. Be2 e5 7. Nb3 Be7 8. 0-0 0-0 9. Bg5 Nxe4 10. Nxe4 Bxg5 11. Qxd6 Be7 12. Qxd8 Rxd8 13. c3 b6 14. Bc4 Bb7 15. Rae1 Rac8 16. Ng3 Bg5 17. Bb5 f6 18. Nf5 Kf8 19. h4 Bf4 20. g3 g6 21. gxf4 gxf5 22. Bxc6 Bxc6 23. Rd1 Kf7 24. Rxd8 Rxd8 25. fxe5 Rg8+ 26. Kh2 Rg2+ 27. Kh3 fxe5 28. Nc1 Rg8 29. Re1 Kf6 30. Rd1 Ke6 31. Nd3 Be4 32. Nc1 f4 33. Re1 Kf5 34. Nb3 Bg2+ 35. Kh2 Rg4 36. f3 Bxf3 37. h5 Rg2+ 38. Kh3 Rxb2 39. Rg1 Bxh5 40. Rg8 Bf7 41. Rf8 0-1